Statistics for Biggest World Cities by Letter - J

Click here to take the quiz!

General Stats

  • This quiz has been taken 4,685 times
    (2,620 since last reset)
  • The average score is 5 of 12

Answer Stats

Country Population City % Correct
Indonesia30.6 milJakarta
99%
South Africa13.7 milJohannesburg
98%
Saudi Arabia4.78 milJeddah
72%
United States1.42 milJacksonville
63%
India3.85 milJaipur
52%
India1.44 milJodhpur
27%
China4.25 milJinan
20%
China1.53 milJilin
13%
India1.47 milJabalpur
9%
India1.63 milJamshedpur
8%
China2.50 milJiangyin
5%
China1.53 milJiaozuo
3%

Score Distribution

Percentile by Number Answered

Percent of People with Each Score

Your Score History

You have not taken this quiz since the last reset